| 000 | 00698nas a2200241 4500 | ||
|---|---|---|---|
| 001 | BR8006601 | ||
| 003 | BR-BrBNA | ||
| 005 | 20231205084428.0 | ||
| 007 | ta | ||
| 008 | 230509b bl.|||p| |||| 00| 00por d | ||
| 040 |
_aBR-BrBNA _bpor _cBiblioteca Nacional de Agricultura |
||
| 041 | _a(Pt) | ||
| 072 | _aE70 | ||
| 100 | 1 | _aAnon. | |
| 245 | 1 | _aMecanizacao; financiamento importa mais do que reducao dos precos das maquinas | |
| 650 | _aMECANIZACAO | ||
| 650 | _aCOMERCIO INTERNO | ||
| 650 | _aPRECO | ||
| 650 | _aFINANCIAMENTO | ||
| 773 | 0 |
_tRural (Brazil) _xISSN 0101-8809 _g(Feb 1980), v. 59(563) p. 22-27 _wBR8006601 |
|
| 909 |
_a202311 _bLúcia _c55 _dLúcia Elande |
||
| 942 |
_2AGRIS _n0 _cANA |
||
| 999 |
_c105170 _d105170 |
||